| 000 | 00610nam a2200217 a 4500 | ||
|---|---|---|---|
| 005 | 20240213064349.0 | ||
| 008 | 991125s1984 mx 000 0 spa u | ||
| 020 | _a9681816560 | ||
| 035 | _aUPN01000040991 | ||
| 049 | _aCG | ||
| 050 | 4 | _aRC338 T7.58 | |
| 100 | 1 | _aTrimble, Michael R. | |
| 245 | 1 | 0 |
_aNeuropsiquiatría / _cMichael R. Trimble ; tr. Edgar Samuel Ramírez Marroquín ; rev. Agustin Caso Muñoz |
| 260 |
_aMéxico : _bLimusa, _c1984 |
||
| 300 | _a396 p. | ||
| 650 | 2 |
_aNeurología _915960 |
|
| 650 | 4 |
_aPsiquiatría _910046 |
|
| 904 |
_aAC _b040993 |
||
| 905 | _aLibro | ||
| 999 |
_c40991 _d40991 |
||